000
00310 a2200121 4500
000
nam a22 7a 4500
100
_a
Ivy Wright
110
_a
Ivy Wright
245
_a
Machine Learning: Concepts, Tools and Techniques
260
_b
States Academic Press
264
_b
States Academic Press
942
_c
BK
999
_c
394946
_d
394946